MCU Infinity Stones - Statistics

General Stats
  • This quiz has been taken 20,082 times
  • The average score is 5 of 6
Answer Stats
Colour Name % Correct
Green Time Stone
97%
Purple Power Stone
90%
Orange Soul Stone
89%
Yellow Mind Stone
84%
Red Reality Stone
83%
Blue Space Stone
83%
No matching quizzes found
Score Distribution
Percent of People with Each Score
Percentile by Number Answered
Your Score History
You have not taken this quiz